000 01543nam a2200469 i 4500
001 43458
003 KOSZ 005
005 20230112110802.0
008 030217s2003 pl a |000 0 pol
015 _aUWD 2003/3237
020 _a837207366X
035 _a991020258669705066
035 _a(PL-WaBN)b15493738-48omnis_nlop
035 _ab15493738
035 _a(OCoLC)749194051
035 _azz2003823416
035 _a(PL)b0000001549373
035 _a(EXLNZ-48OMNIS_NETWORK)9910165682305606
040 _aWA N
_cWA N
_dLUBL KUL
_dKOSZ 005/HR
041 0 _apol
046 _k2003
080 _a339.138
080 _a(075.8)
100 1 _aJendrzejczak, Elżbieta
_eAutor
245 1 0 _aPodstawy marketingu dla inżynierów /
_cElżbieta Jendrzejczak, Agnieszka Tomczak.
260 _aWarszawa :
_bOficyna Wydawnicza Politechniki Warszawskiej,
_c2003.
300 _a169 s. :
_bil. ;
_c24 cm.
336 _aTekst
_btxt
_2rdacontent
337 _aBez urządzenia pośredniczącego
_bn
_2rdamedia
338 _aWolumin
_bnc
_2rdacarrier
380 _aKsiążki
388 _a2001-
504 _aBibliogr.
650 7 _aMarketing
_2DBN
655 7 _aPodręczniki akademickie
_2DBN
658 _aZarządzanie i marketing
700 1 _aTomczak, Agnieszka
_eAutor
710 2 _aOficyna Wydawnicza Politechniki Warszawskiej
_4pbl
856 _uhttp://koha.tu.koszalin.pl/cgi-bin/koha/opac-detail.pl?biblionumber=43458
_zKatalog online BPK
942 _2UKD
_cKS
999 _c43458
_d43458